[Event "AUTO-ADV-4895"]
[Site "http://www.queenalice.com/game.php?id=1867303"]
[Date "2025.12.19"]
[Round "2"]
[White "chessman"]
[Black "Daniel1962"]
[Result "1-0"]
[WhiteElo "2130"]
[BlackElo "1781"]

1. e4 e6 2. d4 Nf6 3. Bd3 Nc6 4. Nf3 Be7 5. O-O d5 6. e5 Ne4 7. c3 Bd7 8. Re1 f5
9. exf6 Bxf6 10. Bxe4 dxe4 11. Rxe4 O-O 12. Nbd2 a6 13. Nf1 b5 14. Bf4 Re8 15.
Ne5 Bxe5 16. Bxe5 Nxe5 17. Rxe5 Bc6 18. Ng3 Qb8 19. Qg4 Bd5 20. Nh5 Re7 21. Nf6+
Kh8 22. Nxd5 Rf7 23. Qxe6 Rf8 24. Rae1 c6 25. Qxc6 a5 26. Nb6 h6 27. Qxa8 Qxa8
28. Nxa8 Rxa8 29. Re8+ Rxe8 30. Rxe8+ Kh7 31. d5 1-0

[Event "AUTO-ADV-4895"]
[Site "http://www.queenalice.com/game.php?id=1867304"]
[Date "2025.12.19"]
[Round "2"]
[White "Daniel1962"]
[Black "chessman"]
[Result "0-1"]
[WhiteElo "1783"]
[BlackElo "2129"]

1. e4 e6 2. Nc3 d5 3. e5 c5 4. d3 Nc6 5. Nf3 Nge7 6. Bg5 a6 7. Bxe7 Bxe7 8. Be2
O-O 9. h3 Re8 10. g4 Bd7 11. a3 Rc8 12. d4 Qb6 13. Na4 Qa5+ 14. c3 Nxd4 15. Nxd4
cxd4 16. Qxd4 Qxa4 17. Qxa4 Bxa4 18. f4 Bc5 19. f5 exf5 20. gxf5 Rxe5 21. Rf1
Bb5 22. b4 Rxe2+ 23. Kd1 Be3 24. Re1 Rd2+ 25. Kc1 Rxc3+ 26. Kb1 Bd3# 0-1

[Event "AUTO-OPEN-4632"]
[Site "http://www.queenalice.com/game.php?id=1867448"]
[Date "2025.12.29"]
[Round "1"]
[White "chessman"]
[Black "ChessColossos"]
[Result "1-0"]
[WhiteElo "1975"]
[BlackElo "1704"]

1. e4 e5 2. Nf3 Nc6 3. Bc4 Nf6 4. O-O Bc5 5. d3 d6 6. h3 h6 7. a3 a5 8. c3 O-O
9. Re1 Na7 10. d4 exd4 11. cxd4 Bb6 12. b4 axb4 13. axb4 Bd7 14. Bb2 Nc6 15. b5
Na7 16. Nc3 Qe8 17. e5 dxe5 18. dxe5 Nh7 19. Nd5 Bxb5 20. Nxb6 cxb6 21. Bb3 Bc6
22. Qe2 Bxf3 23. Qxf3 Nc6 24. Rxa8 Qxa8 25. Qg3 Ne7 26. Ba3 Nf5 27. Qc3 Rc8 28.
Qb4 Qa5 29. e6 Qxb4 30. exf7+ Kh8 31. Bxb4 Nf8 32. Re8 1-0

[Event "AUTO-OPEN-4632"]
[Site "http://www.queenalice.com/game.php?id=1867479"]
[Date "2025.12.29"]
[Round "1"]
[White "chessman"]
[Black "SGF"]
[Result "1-0"]
[WhiteElo "2011"]
[BlackElo "1714"]

1. e4 e5 2. Nf3 Qf6 3. Bc4 d6 4. d3 h6 5. Nc3 c6 6. h3 b5 7. Bb3 a5 8. a3 a4 9.
Ba2 Be7 10. O-O Qg6 11. Kh2 h5 12. d4 Bg4 13. dxe5 Bxf3 14. Qxf3 dxe5 15. Rd1
Nd7 16. Qxf7+ Qxf7 17. Bxf7+ Kxf7 18. Rxd7 Nf6 19. Rc7 Ra6 20. f3 h4 21. Be3 Ke6
22. Rd1 Ne8 23. Rb7 Nd6 24. Rc7 g5 25. Bc5 Rd8 26. b3 axb3 27. cxb3 Bf8 28. a4
bxa4 29. Nxa4 Ra5 30. Rxc6 Kf7 31. Bxd6 Bxd6 32. Rcxd6 Rxd6 33. Rxd6 Ke7 34. Rb6
Kf7 35. g3 hxg3+ 36. Kxg3 Ra8 37. Kg4 Rg8 38. Kf5 Ke7 39. Kxe5 Rh8 40. Rb7+ Kf8
41. Rb8+ Kg7 42. Rxh8 Kxh8 43. Kf5 Kg7 44. Kxg5 Kf7 45. h4 Kg7 46. b4 Kf7 47. b5
Ke7 48. h5 Kd6 49. h6 Ke5 50. h7 Kd4 51. b6 Kc4 52. b7 Kb5 53. b8=Q+ Kxa4 54.
h8=Q Ka3 55. Qa1# 1-0

[Event "AUTO-OPEN-4632"]
[Site "http://www.queenalice.com/game.php?id=1867480"]
[Date "2025.12.29"]
[Round "1"]
[White "SGF"]
[Black "chessman"]
[Result "0-1"]
[WhiteElo "1743"]
[BlackElo "2131"]

1. e4 e6 2. Qf3 d5 3. exd5 exd5 4. d4 Nf6 5. c3 Be7 6. Be2 O-O 7. Qg3 c6 8. Bh6
Ne8 9. h4 Bf6 10. h5 Kh8 11. Bd2 Nd7 12. h6 g6 13. a4 Qe7 14. Be3 Nd6 15. Bf4
Ne4 16. Qh2 c5 17. f3 cxd4 18. fxe4 Qxe4 19. Nd2 Qc2 20. Rb1 dxc3 21. bxc3 Bxc3
22. Nf3 Nf6 23. Be5 Qxb1+ 24. Kf2 Qb4 25. Bxf6+ Bxf6 26. Qf4 Qxf4 27. g3 Qxa4
28. Rh4 Bxh4 29. gxh4 Bg4 30. Ne5 Bxe2 31. Kxe2 Qxh4 32. Ndf3 Qe4+ 33. Kf2 Rac8
34. Kg3 Rc3 35. Kg2 f6 36. Nd7 Qxf3+ 37. Kg1 Rc1+ 38. Kh2 Rh1# 0-1

[Event "AUTO-MASTER-3292"]
[Site "http://www.queenalice.com/game.php?id=1867557"]
[Date "2026.1.7"]
[Round "1"]
[White "mvson33"]
[Black "chessman"]
[Result "0-1"]
[WhiteElo "1943"]
[BlackElo "1948"]

1. d4 d5 2. Nf3 Nf6 3. e3 e6 4. Be2 Be7 5. O-O O-O 6. c4 c6 7. cxd5 exd5 8. Nc3
Re8 9. b3 Be6 10. Bb2 Nbd7 11. Qc2 a6 12. Rac1 h6 13. Bd3 Nf8 14. Rfd1 Rc8 15.
Ne5 N6d7 16. Nxd7 Qxd7 17. Na4 Rb8 18. Nc5 Bxc5 19. Qxc5 Bf5 20. Bxf5 Qxf5 21.
Qc2 Qxc2 22. Rxc2 Ng6 23. Rdc1 f5 24. Rc3 f4 25. exf4 Nxf4 26. Re3 Rxe3 27. fxe3
Ne2+ 0-1

[Event "AUTO-MASTER-3292"]
[Site "http://www.queenalice.com/game.php?id=1867558"]
[Date "2026.1.7"]
[Round "1"]
[White "chessman"]
[Black "Guilherme_Ottoni"]
[Result "0-1"]
[WhiteElo "1989"]
[BlackElo "2240"]

1. e4 c5 2. Nf3 e6 3. Be2 Nc6 4. d4 cxd4 5. Nxd4 Nf6 6. Nc3 Bb4 7. Be3 Nxe4 8.
Nxc6 bxc6 9. Bd2 Bxc3 10. Bxc3 Nxc3 11. bxc3 Qa5 12. Qd2 Rb8 13. O-O Ba6 14.
Bxa6 Qxa6 15. Rfd1 d5 16. h3 O-O 17. Qe3 Rb2 18. Qd3 Qxd3 19. cxd3 Rfb8 20. Kf1
Rc2 21. Rdc1 Rxc1+ 22. Rxc1 Rb2 23. c4 dxc4 24. Rxc4 Kf8 25. Rxc6 Rxa2 26. f3
Ke7 27. Rc1 Kf6 28. Rd1 a5 29. d4 h5 30. d5 exd5 31. Rxd5 g5 32. Rb5 Kg6 33. Rc5
a4 34. Ra5 a3 35. Kg1 Ra1+ 36. Kf2 a2 37. Ra4 f6 38. Ke2 Rg1 0-1

[Event "AUTO-MASTER-3292"]
[Site "http://www.queenalice.com/game.php?id=1867559"]
[Date "2026.1.7"]
[Round "1"]
[White "Guilherme_Ottoni"]
[Black "chessman"]
[Result "1-0"]
[WhiteElo "2235"]
[BlackElo "1995"]

1. d4 d5 2. Nf3 Nf6 3. e3 e6 4. Bd3 c5 5. c3 Nc6 6. O-O Be7 7. Nbd2 a6 8. Qe2
O-O 9. b3 cxd4 10. exd4 Bd7 11. c4 Re8 12. Bb2 Rc8 13. Rac1 h6 14. Rfe1 Nb4 15.
Bb1 dxc4 16. Nxc4 Bb5 17. a3 Nbd5 18. Nfe5 Nf4 19. Qf3 N4d5 20. Bd3 Bc6 21. Nxc6
Rxc6 22. Ne5 Rxc1 23. Rxc1 Qb6 24. Be4 Nxe4 25. Qxf7+ Kh7 26. Qg6+ Kg8 27. Qxe8+
Kh7 28. Qg6+ Kg8 29. Qxe4 1-0

[Event "AUTO-OPEN-4587"]
[Site "http://www.queenalice.com/game.php?id=1867648"]
[Date "2026.1.7"]
[Round "2"]
[White "chessman"]
[Black "josebaron"]
[Result "0-1"]
[WhiteElo "2005"]
[BlackElo "2163"]

1. e4 e5 2. Nf3 Nc6 3. Bb5 d6 4. d4 exd4 5. Nxd4 Bd7 6. O-O Nf6 7. Re1 Be7 8.
Nxc6 Bxc6 9. Bxc6+ bxc6 10. Qe2 O-O 11. Nc3 Re8 12. h3 Bf8 13. f3 h6 14. Bf4 Nh5
15. Bh2 Qh4 16. Qa6 c5 17. Nd5 Qd8 18. Qc6 Rc8 19. c4 Nf6 20. e5 Nxd5 21. Qxd5
c6 22. Qd3 d5 23. cxd5 cxd5 24. Rad1 d4 25. f4 a5 26. f5 c4 27. Qf3 Qb6 28. Rd2
Bb4 29. Red1 Bxd2 30. Rxd2 c3 0-1

[Event "AUTO-OPEN-4587"]
[Site "http://www.queenalice.com/game.php?id=1867649"]
[Date "2026.1.7"]
[Round "2"]
[White "josebaron"]
[Black "chessman"]
[Result "1-0"]
[WhiteElo "2155"]
[BlackElo "2015"]

1. e4 e6 2. Nf3 d5 3. exd5 exd5 4. d4 Nf6 5. Nc3 c6 6. Be2 Be7 7. O-O O-O 8. Re1
Re8 9. Bg5 Nbd7 10. Ne5 Nxe5 11. dxe5 Nd7 12. Bxe7 Qxe7 13. Bg4 Nf8 14. Bxc8
Raxc8 15. Qd4 Ne6 16. Qxa7 d4 17. Ne4 Ra8 18. Qb6 Ra6 19. Qb3 c5 20. a4 Rc6 21.
Nd2 Rec8 22. Nc4 h6 23. h3 Rb8 24. a5 Qc7 25. Qg3 Qe7 26. f4 Rd8 27. f5 Nf8 28.
f6 Rxf6 29. exf6 Qxf6 30. Rf1 1-0

[Event "AUTO-OPEN-4587"]
[Site "http://www.queenalice.com/game.php?id=1867650"]
[Date "2026.1.7"]
[Round "2"]
[White "chessman"]
[Black "Magnaroc"]
[Result "0-1"]
[WhiteElo "2037"]
[BlackElo "1794"]

1. e4 e5 2. Nf3 Nc6 3. Bb5 a6 4. Bxc6 dxc6 5. Nxe5 Qd4 6. Nf3 Qxe4+ 7. Qe2 Bf5
8. d3 Qxe2+ 9. Kxe2 O-O-O 10. Re1 Bg4 11. Kf1 Bxf3 12. gxf3 Bd6 13. Kg2 Nf6 14.
Nc3 Bb4 15. a3 Bxc3 16. bxc3 Rhe8 17. Bg5 Rxe1 18. Rxe1 Re8 19. Rxe8+ Nxe8 20.
h4 h5 21. Bf4 f5 22. Bg5 Nd6 23. c4 b5 24. c5 Nb7 25. Be3 Kd7 26. Kg3 g6 27. Kf4
Ke6 28. Kg5 Kf7 29. Kf4 Ke6 30. Kg5 Kf7 31. Kf4 Nd8 32. Ke5 Ne6 33. d4 a5 34.
Bd2 a4 35. Bb4 g5 36. hxg5 h4 0-1

[Event "AUTO-OPEN-4633"]
[Site "http://www.queenalice.com/game.php?id=1867741"]
[Date "2026.1.9"]
[Round "1"]
[White "chessman"]
[Black "Esvir"]
[Result "0-1"]
[WhiteElo "1955"]
[BlackElo "2027"]

1. e4 e5 2. Nf3 d6 3. d4 exd4 4. Nxd4 c5 5. Bb5+ Bd7 6. Bxd7+ Nxd7 7. Nf5 Ne5 8.
O-O g6 9. Ng3 Bg7 10. f4 Nc4 11. c3 b5 12. Nd2 Ne3 13. Qe2 Nxf1 14. Qxb5+ Qd7
15. Qxf1 Ne7 16. Nc4 O-O 17. Be3 f5 18. exf5 Nxf5 19. Bf2 Ne7 20. Rd1 Rxf4 21.
Rxd6 Qc7 22. Qd3 Raf8 23. Rd7 Qc6 24. Be3 R4f7 25. Rd6 Qe8 26. Bxc5 Nc8 27. Rd4
Qe1+ 0-1

[Event "AUTO-OPEN-4633"]
[Site "http://www.queenalice.com/game.php?id=1867742"]
[Date "2026.1.9"]
[Round "1"]
[White "Esvir"]
[Black "chessman"]
[Result "1-0"]
[WhiteElo "2028"]
[BlackElo "1983"]

1. e4 e6 2. Nc3 d5 3. exd5 exd5 4. d4 c6 5. Be2 Nf6 6. h3 Be7 7. Nf3 O-O 8. O-O
Re8 9. Bf4 Nbd7 10. Bd3 Nf8 11. Ne2 Ne4 12. Ng3 f5 13. Ne5 g5 14. Bc1 Bf6 15.
Nxe4 dxe4 16. Bc4+ Be6 17. Bxe6+ Rxe6 18. f4 gxf4 19. Bxf4 Ng6 20. Qh5 Qxd4+ 21.
Kh1 Nxf4 22. Qf7+ Kh8 23. Rxf4 Qxe5 24. Raf1 Re7 25. Qh5 Rg7 26. Rxf5 Qg3 27.
R1f2 Rd8 28. Rxf6 1-0

[Event "AUTO-OPEN-4636"]
[Site "http://www.queenalice.com/game.php?id=1868573"]
[Date "2026.1.27"]
[Round "1"]
[White "Jsc"]
[Black "chessman"]
[Result "1-0"]
[WhiteElo "1551"]
[BlackElo "1987"]

1. e4 e6 2. d4 d5 3. e5 c5 4. c3 Nc6 5. Nf3 Qb6 6. Be2 Bd7 7. Na3 cxd4 8. cxd4
Bxa3 9. bxa3 Qa5+ 10. Qd2 Qb6 11. O-O Nge7 12. Qd3 Ng6 13. Rb1 Qc7 14. a4 O-O
15. Ba3 Rfc8 16. Bd6 Qa5 17. Bd1 b6 18. a3 Nd8 19. Bb4 1-0